[Event "Kitchener Oktoberfest U2000"]
[Site "Kitchener"]
[Date "2009.10.18"]
[Round "5"]
[White "Hendon, Lee"]
[Black "Solis Enriquez, Jaime"]
[Result "1/2-1/2"]
[WhiteElo "1702"]
[BlackElo "1805"]
[PlyCount "101"]
[EventDate "2009.10.16"]
[EventType "swiss"]
[EventRounds "5"]
[EventCountry "CAN"]
[SourceTitle "EXT 2011"]
[Source "ChessBase"]
[SourceDate "2010.11.26"]
[SourceVersion "1"]
[SourceVersionDate "2010.11.26"]
[SourceQuality "1"]

1. e4 e5 2. Nf3 Nc6 3. Bb5 a6 4. Ba4 Nf6 5. 0-0 Be7 6. d3 b5 7. Bb3 d6 8. c3 0-0 9. h3 Nd7 10. Nh2 Nc5 11. Bd5 Bb7 12. f4 exf4 13. Bxf4 Nb8 14. Bxb7 Nxb7 15. Qf3 Nd7 16. Nd2 Nbc5 17. d4 Ne6 18. Be3 Bg5 19. Rae1 f6 20. Re2 Qe7 21. Ref2 Rae8 22. Ng4 Kh8 23. b4 Bxe3 24. Nxe3 Ng5 25. Qg4 Rg8 26. Rf4 c6 27. h4 Nf7 28. Nf5 Qe6 29. R1f3 g6 30. Ne3 Nh6 31. Qxe6 Rxe6 32. d5 cxd5 33. exd5 Re7 34. Re4 Rge8 35. Rxe7 Rxe7 36. c4 Kg7 37. cxb5 axb5 38. Nb3 Ne5 39. Rg3 Ra7 40. Nd4 Rxa2 41. Nxb5 Rb2 42. Nxd6 Rxb4 43. h5 Kf8 44. hxg6 hxg6 45. Rh3 Nhf7 46. Nxf7 Nxf7 47. Rg3 Ne5 48. Kh2 Ke7 49. Kh3 Rb1 50. Ng4 Rh1+ 51. Nh2 1/2-1/2

[Event "Guelph Winter Pro Am U2100"]
[Site "Guelph"]
[Date "2008.02.03"]
[Round "4"]
[White "Armstrong, Robert J"]
[Black "Solis Enriquez, Jaime"]
[Result "1-0"]
[WhiteElo "1873"]
[BlackElo "1805"]
[PlyCount "69"]
[EventDate "2008.02.02"]
[EventType "swiss"]
[EventRounds "5"]
[EventCountry "CAN"]
[SourceTitle "EXT 2011"]
[Source "ChessBase"]
[SourceDate "2010.11.26"]
[SourceVersion "1"]
[SourceVersionDate "2010.11.26"]
[SourceQuality "1"]

1. d4 Nf6 2. c4 g6 3. Nc3 Bg7 4. e4 d6 5. f3 0-0 6. Be3 e5 7. d5 a5 8. g4 c5 9. Nge2 Na6 10. Ng3 h6 11. Qd2 Kh7 12. h4 Ng8 13. 0-0-0 Nc7 14. Bd3 Bd7 15. Rdg1 Qe8 16. Qg2 f6 17. g5 h5 18. gxf6 Nxf6 19. Nf5 Bxf5 20. exf5 Kh8 21. fxg6 Qd7 22. Qg5 Nce8 23. Ne4 Kg8 24. Ng3 b6 25. Bf5 Qc7 26. Be6+ Kh8 27. Nxh5 Ra7 28. Nxg7 Qxg7 29. h5 Ng8 30. h6 Qf6 31. g7+ Kh7 32. gxf8Q Qxf8 33. Qg7+ Rxg7 34. hxg7+ Nh6 35. Rxh6# 1-0

[Event "Canadian op U2000"]
[Site "Kitchener"]
[Date "2006.07.19"]
[Round "5"]
[White "Kollarich, Joseph"]
[Black "Solis Enriquez, Jaime"]
[Result "1/2-1/2"]
[WhiteElo "1617"]
[BlackElo "1752"]
[PlyCount "146"]
[EventDate "2006.07.15"]
[EventType "swiss"]
[EventRounds "9"]
[EventCountry "CAN"]
[SourceTitle "CBM 113 Extra"]
[Source "ChessBase"]
[SourceDate "2006.09.14"]
[SourceVersion "1"]
[SourceVersionDate "2006.09.14"]
[SourceQuality "1"]

1. d4 Nf6 2. c4 g6 3. Nc3 Bg7 4. Bg5 0-0 5. e3 d6 6. Bd3 Nbd7 7. Nf3 h6 8. Bh4 c5 9. 0-0 a6 10. Qc2 Rb8 11. Rab1 b6 12. Rfe1 Bb7 13. d5 Ng4 14. Ne4 Nde5 15. Nxe5 Nxe5 16. Be2 f5 17. f4 Nf7 18. Nc3 Bc8 19. Bd3 g5 20. Bf2 Nh8 21. Ne2 Qe8 22. Ng3 Qf7 23. Rf1 Bd7 24. Be1 g4 25. Bc3 b5 26. Bxg7 Kxg7 27. b3 h5 28. e4 h4 29. Qc3+ Kh6 30. Nxf5+ Bxf5 31. exf5 b4 32. Qb2 Qg7 33. Qxg7+ Kxg7 34. Rbe1 Rb7 35. Re6 Rf6 36. Rfe1 Kf7 37. g3 hxg3 38. hxg3 a5 39. Be2 Rxf5 40. Kg2 Kf8 41. Bxg4 Rf6 42. Rxf6+ exf6 43. Re6 Rb6 44. Rxf6+ Kg7 45. Re6 Ra6 46. Bh5 a4 47. g4 axb3 48. axb3 Ra3 49. Re3 Ng6 50. Bxg6 Kxg6 51. Re6+ Kf7 52. Rxd6 Rxb3 53. Rd7+ Kf6 54. g5+ Kg6 55. Rd6+ Kf5 56. Rf6+ Kg4 57. g6 Rb2+ 58. Kf1 Kf3 59. Ke1 b3 60. g7 Rg2 61. Rb6 Kxf4 62. Rxb3 Rxg7 63. Rd3 Ke5 64. Kd1 Kd6 65. Kc2 Rg6 66. Re3 Kd7 67. Kb3 Rb6+ 68. Ka4 Rb4+ 69. Ka5 Rxc4 70. Kb5 Rc1 71. Re6 c4 72. Kb4 c3 73. Kb3 Rd1 1/2-1/2

[Event "Canadian op U2000"]
[Site "Kitchener"]
[Date "2006.07.17"]
[Round "3"]
[White "Cunningham, Ross"]
[Black "Solis Enriquez, Jaime"]
[Result "1-0"]
[WhiteElo "1517"]
[BlackElo "1752"]
[PlyCount "145"]
[EventDate "2006.07.15"]
[EventType "swiss"]
[EventRounds "9"]
[EventCountry "CAN"]
[SourceTitle "CBM 113 Extra"]
[Source "ChessBase"]
[SourceDate "2006.09.14"]
[SourceVersion "1"]
[SourceVersionDate "2006.09.14"]
[SourceQuality "1"]

1. e4 e5 2. f4 d5 3. exd5 Qxd5 4. Qe2 Nc6 5. Nc3 Qe6 6. fxe5 Qxe5 7. Qxe5+ Nxe5 8. d4 Nc6 9. Be3 Bb4 10. Bb5 Bd7 11. Nf3 Nge7 12. 0-0 0-0-0 13. d5 Nb8 14. Ne5 c6 15. dxc6 bxc6 16. Bc4 Be8 17. Bxf7 Bd6 18. Be6+ Kb7 19. Nf7 Bxf7 20. Rxf7 Nd7 21. Ne4 Kc7 22. Rd1 Nd5 23. Bxd5 cxd5 24. Rxd5 Rhe8 25. Nxd6 Rxe3 26. Rd1 Kc6 27. Nf5 Re5 28. Nd4+ Kc7 29. Rxg7 Rde8 30. Nf3 R5e7 31. Rxe7 Rxe7 32. Rd4 Re2 33. Rc4+ Kb6 34. Kf1 Re6 35. a3 Rf6 36. Ke2 h6 37. b4 Rg6 38. Kf2 Rf6 39. Kg3 a5 40. Rh4 axb4 41. axb4 Kb5 42. c3 Nb6 43. Ne5 Na4 44. Rh5 Ka6 45. Ng4 Rg6 46. Ra5+ Kb6 47. Rxa4 h5 48. h3 hxg4 49. hxg4 Kb5 50. Ra5+ Kb6 51. Kh4 Rc6 52. Rc5 Rh6+ 53. Kg5 Rh2 54. Kf6 Rxg2 55. g5 Rf2+ 56. Rf5 Rc2 57. g6 Rxc3 58. g7 Rc8 59. Kg6 Rg8 60. Rf8 Rxg7+ 61. Kxg7 Kb5 62. Rf4 Kc6 63. Kf7 Kb5 64. Ke6 Kc6 65. Rf5 Kb6 66. b5 Kc7 67. Kd5 Kb6 68. Kc4 Kb7 69. Kc5 Ka7 70. b6+ Kb7 71. Kb5 Kc8 72. Kc6 Kd8 73. Re5 1-0

[Event "Canadian op U2000"]
[Site "Kitchener"]
[Date "2006.07.16"]
[Round "2"]
[White "Solis Enriquez, Jaime"]
[Black "Simpson, Cal"]
[Result "1-0"]
[WhiteElo "1752"]
[BlackElo "1611"]
[PlyCount "49"]
[EventDate "2006.07.15"]
[EventType "swiss"]
[EventRounds "9"]
[EventCountry "CAN"]
[SourceTitle "CBM 113 Extra"]
[Source "ChessBase"]
[SourceDate "2006.09.14"]
[SourceVersion "1"]
[SourceVersionDate "2006.09.14"]
[SourceQuality "1"]

1. e4 e5 2. Nf3 Nf6 3. Nxe5 Nc6 4. Nf3 Nxe4 5. Qe2 Qe7 6. d3 Nf6 7. Bd2 Qxe2+ 8. Bxe2 Bc5 9. Nc3 d5 10. 0-0 0-0 11. Nb5 Bd6 12. Nxd6 cxd6 13. h3 h6 14. Rfe1 Be6 15. c3 Ne5 16. Bf4 Nfd7 17. d4 Ng6 18. Bxd6 Rfe8 19. Bd3 f5 20. Bb5 Rec8 21. Rxe6 Nf6 22. Re2 a6 23. Ba4 b5 24. Bb3 Ne4 25. Bxd5+ 1-0

[Event "CAN-ch op"]
[Site "Sackville"]
[Date "2001.07.13"]
[Round "8"]
[White "Solis Enriquez, Jaime"]
[Black "Tassone, Adam"]
[Result "1/2-1/2"]
[WhiteElo "1970"]
[BlackElo "1678"]
[PlyCount "66"]
[EventDate "2001.07.??"]
[EventType "swiss"]
[EventRounds "10"]
[EventCountry "CAN"]
[SourceTitle "EXT 2006"]
[Source "ChessBase"]
[SourceDate "2005.11.24"]
[SourceVersion "1"]
[SourceVersionDate "2005.11.24"]
[SourceQuality "1"]

1. e4 c5 2. Nf3 Nc6 3. d4 cxd4 4. Nxd4 Nf6 5. Nc3 e5 6. Ndb5 d6 7. Bg5 a6 8. Na3 b5 9. Nd5 Be7 10. Bxf6 Bxf6 11. c3 Bg5 12. Nc2 Rb8 13. a3 a5 14. Be2 Ne7 15. Nce3 Be6 16. a4 bxa4 17. Qxa4+ Bd7 18. Qa2 Nxd5 19. Nxd5 Be6 20. 0-0 0-0 21. Rfb1 f5 22. Qxa5 fxe4 23. b4 Bh4 24. g3 Qg5 25. Ne3 Qf6 26. Rf1 Bg5 27. Nd5 Qf7 28. Ne3 Rbc8 29. c4 Bh3 30. Ng2 Bd2 31. Rab1 Bc3 32. Qd5 Qxd5 33. cxd5 Bd4 1/2-1/2